Split Airport Destinations (Split, Croatia) - Statistics

General Stats
  • This quiz has been taken 151 times
    22 since last reset
  • The average score is 60 of 69
Answer Stats
Airline Destination % Correct
easyJet/KLM Amsterdam
100%
Aegean Airlines/Croatia Airlines/Volotea Athens
100%
Vueling Barcelona
100%
Air Serbia Belgrade
100%
Norwegian Air Shuttle/Scandinavian Airlines Bergen
100%
Brussels Airlines/TUI fly Belgium Brussels
100%
Eurowings Cologne/Bonn
100%
Aer Lingus/Croatia Airlines/Ryanair Dublin
100%
Condor/Croatia Airlines/Discover Airlines Frankfurt
100%
Norwegian Air Shuttle/Scandinavian Airlines Gothenburg
100%
Eurowings Hamburg
100%
Iberia Madrid
100%
Croatia Airlines/Lufthansa Munich
100%
Croatia Airlines/Norwegian Air Shuttle/Scandinavian Airlines Oslo
100%
Air France/Croatia Airlines/easyJet Paris (Charles de Gaulle)
100%
easyJet/Transavia/Vueling Paris (Orly)
100%
airBaltic Riga
100%
Croatia Airlines/Ryanair Rome (Fiumicino)
100%
Croatia Airlines/Norwegian Air Shuttle/Scandinavian Airlines Stockholm (Arlanda)
100%
airBaltic Tallinn
100%
Austrian Airlines/Croatia Airlines Vienna
100%
LOT Polish Airlines/Wizz Air Warsaw (Chopin)
100%
Croatia Airlines/Edelweiss Air Zürich
100%
easyJet Basel/Mulhouse
95%
Croatia Airlines/easyJet/Eurowings Berlin
95%
Croatia Airlines/Norwegian Air Shuttle/Scandinavian Airlines Copenhagen
95%
Croatia Airlines/Eurowings Düsseldorf
95%
Jet2.com Edinburgh
95%
easyJet Glasgow
95%
Finnair/Norwegian Air Shuttle Helsinki
95%
Wizz Air Kraków
95%
British Airways London (City)
95%
Croatia Airlines/easyJet/TUI Airways London (Gatwick)
95%
British Airways/Croatia Airlines London (Heathrow)
95%
easyJet/Wizz Air London (Luton)
95%
Jet2.com London (Stansted)
95%
easyJet/Jet2.com/TUI Airways Manchester
95%
Volotea Marseille
95%
easyJet Milan (Linate)
95%
Croatia Airlines Milan (Malpensa)
95%
Eurowings Salzburg
95%
Eurowings Stuttgart
95%
Jet2.com Birmingham
90%
easyJet Geneva
90%
Croatia Airlines/easyJet/Volotea Lyon
90%
Norwegian Air Shuttle/Scandinavian Airlines Trondheim
90%
Croatia Airlines/Transavia/Volotea Nantes
85%
Croatia Airlines/Smartwings Prague
85%
Vueling Bilbao
80%
easyJet Liverpool
80%
easyJet/Volotea Naples
80%
Wizz Air Wrocław
80%
Volotea Bari
75%
Wizz Air Gdańsk
75%
Wizz Air Katowice
75%
Jet2.com Leeds/Bradford
75%
Transavia Rotterdam/The Hauge
75%
Norwegian Air Shuttle/Scandinavian Airlines Stavanger
75%
easyJet Bristol
70%
Volotea Toulouse
70%
Volotea Bordeaux
65%
Eurowings Dortmund
65%
Croatia Airlines Istanbul
65%
Smartwings Innsbruck
60%
Volotea Lille
60%
Volotea Strasbourg
55%
Croatia Airlines Osijek
50%
easyJet Porto
50%
Wizz Air Lublin
25%
No matching quizzes found
Score Distribution
Percent of People with Each Score
Percentile by Number Answered
Your Score History
You have not taken this quiz since the last reset